Music Quiz

Random Music or Billboard Quiz

Slightly Useless Song Trivia Quiz Stats

 Plays Quiz Updated Jun 20, 2015

Challenge
Share
Tweet
Embed
Score 0/30 Timer 06:00
0 Plays Today
% Correct
Hey Jude
98.4%
Seven Nation Army
93.5%
Bad, Bad Leroy Brown
92.9%
American Pie
91.9%
Purple Haze
87.2%
Peggy Sue
86.2%
Smells Like Teen Spirit
84.9%
You're So Vain
84%
Ring of Fire
83%
Born to Run
83%
Mrs. Robinson
82.9%
Riders on the Storm
78%
Jack & Diane
75.5%
Hotel California
74.4%
Losing My Religion
74%
% Correct
Brown Sugar
73%
Stairway to Heaven
67.8%
53rd & 3rd
65.6%
1999
63.4%
Lola
62.9%
You Oughta Know
57.3%
Dirty Deeds Done Dirt Cheap
54.4%
New Year's Day
54.3%
Freebird
50.6%
I Don't Like Mondays
47.5%
Redemption Song
45.6%
Psycho Killer
44.8%
Subterranean Homesick Blues
42.1%
Don't Stand So Close to Me
40.8%
London Calling
31.9%

You're not logged in!

Compare scores with friends on all Sporcle quizzes.
Join for Free
OR
Log In

You Might Also Like...

Show Comments

Extras

Top Quizzes Today


Score Distribution

Your Account Isn't Verified!

In order to create a playlist on Sporcle, you need to verify the email address you used during registration. Go to your Sporcle Settings to finish the process.

Report this User

Report this user for behavior that violates our Community Guidelines.

Details: